000
00290nam a22001097a 4500
082
_a
621.391 BAR'D
100
_a
BARTEE, THOMAS C
_9
25765
245
_a
DIGITAL COMPUTER FUNDAMENTALS,COMMUNICATION ELECTRONICS FUNDAMENTALS
260
_a
USA
_b
MCGRAW HILL
_c
1976
300
_a
V-P
942
_c
BK
999
_c
581488
_d
581488